Business law and ethics/ (Record no. 2976)

000 -LEADER
fixed length control field 01105cam a22003018i 4500
001 - CONTROL NUMBER
control field 18499449
003 - CONTROL NUMBER IDENTIFIER
control field OSt
005 - DATE AND TIME OF LATEST TRANSACTION
control field 20160825163428.0
008 - FIXED-LENGTH DATA ELEMENTS--GENERAL INFORMATION
fixed length control field 150220s2015 pau b 001 0 eng
010 ## - LIBRARY OF CONGRESS CONTROL NUMBER
LC control number 2015003115
020 ## - INTERNATIONAL STANDARD BOOK NUMBER
Cancelled/invalid ISBN 9780733974120
040 ## - CATALOGING SOURCE
Original cataloging agency DLC
Language of cataloging eng
Description conventions rda
Transcribing agency DLC
Modifying agency DLC
042 ## - AUTHENTICATION CODE
Authentication code pcc
050 00 - LIBRARY OF CONGRESS CALL NUMBER
Classification number HF5387.B879 2005
082 00 - DEWEY DECIMAL CLASSIFICATION NUMBER
Classification number 174/.4
Edition number 23
100 ## - MAIN ENTRY--PERSONAL NAME
Personal name Various Authors
245 00 - TITLE STATEMENT
Title Business law and ethics/
Remainder of title
Statement of responsibility, etc Various Authors
260 ## - PUBLICATION, DISTRIBUTION, ETC. (IMPRINT)
Place of publication, distribution, etc Australia
Name of publisher, distributor, etc Pearson Education
Date of publication, distribution, etc 2005
300 ## - PHYSICAL DESCRIPTION
Extent 470 p
Dimensions 23 cm
504 ## - BIBLIOGRAPHY, ETC. NOTE
Bibliography, etc Includes bibliographical references and index.
520 ## - SUMMARY, ETC.
Summary, etc "This multi-volume book explores best practices business leaders need to navigate the complex landscape of legal and ethical issues on a day-to-day basis"--
650 #0 - SUBJECT ADDED ENTRY--TOPICAL TERM
Topical term or geographic name as entry element Business ethics.
650 #0 - SUBJECT ADDED ENTRY--TOPICAL TERM
Topical term or geographic name as entry element Social responsibility of business.
650 #0 - SUBJECT ADDED ENTRY--TOPICAL TERM
Topical term or geographic name as entry element Commercial law.
906 ## - LOCAL DATA ELEMENT F, LDF (RLIN)
a 0
b vip
c orignew
d 1
e ecip
f 20
g y-gencatlg
942 ## - ADDED ENTRY ELEMENTS (KOHA)
Source of classification or shelving scheme
Koha item type Book
Holdings
Withdrawn status Lost status Source of classification or shelving scheme Damaged status Not for loan Home library Current library Shelving location Date acquired Total Checkouts Full call number Barcode Date last seen Date checked out Copy number Price effective from Koha item type
          Riara University Library Riara University Library General stack 25/08/2016 1 HF5387.B879 2005 8033/16 20/08/2019 08/08/2019 C.1 25/08/2016 Book

Riara University Library,
P.O. Box 49940-00100,
Nairobi, Kenya.